00507nam a2200157Ia 4500003000900000008004100009020002200050040001600072080001700088100002000105245012500125260004200250300001500292650002000307650002200327IN-BaIIA211028s9999 xx 000 0 eng d a978-0-19-968676-6 cIIA Library a524.882bJOS aJoshi, Pankaj S 4aThe story of collapsing starsbblack holes, naked singularities and the cosmic play of quantum gravitycPankaj S. Joshi  aOxfordbOxford University Pressc2015 axii, 225p. aQuantum gravity aStars - evolution